Представление документа в формате RUSMARC

ПолеНазваниеЗначение
  Тип записи a
  Библиографический уровень a
001 Контрольный номер RU/CBS_Ul/BASE/440592353
005 Дата корректировки 20240209175133.2
100 Данные общей обработки __
a Данные общей обработки 20131217d2013 ||| 0rusy0189 ca
101 Язык документа 0_
a Язык текста rus
102 Страна публикации __
a Страна публикации RU
105 Кодированные данные (монография) __
a Кодированные данные (монография) y###||||000|y
200 Заглавие и сведения об ответственности 1_
a Заглавие Отречение: хроника предательства
b Общее обозначение материала Текст
e Сведения, относящиеся к заглавию [к 400-летию дома Романовых и годовщине расстрела царской семьи]
f Первые сведения об ответственности В. Николаев
300 Общие примечания __
a Общие примечания Ограничения по возрасту 16 +
461 Уровень набора _0
1 2000
a Москва
463 Уровень физической единицы _0
1 001RU/CBS_Ul/BASE/440591883
1 2000
a №7
v С. 148
1 210
d 2013
610 Ключевые слова 0_
a Ключевые слова династия Романовых
686 Индексы других классификаций __
a Классификационный индекс 63.3(2)
2 Код системы ББК
700 Автор _1
a Фамилия Николаев
b Имя (инициалы) В.
801 Источник записи _0
a Страна RU
b Организация МБУК ЦБС г. Ульяновска
c Дата составления 20131217
g Правила каталогизации RCR
801 Источник записи _1
a Страна RU
b Организация МБУК ЦБС г. Ульяновска
c Дата составления 20131217
g Правила каталогизации RCR
901 Тип документа __
t Тип документа b
w Контрольный № источника RU/CBS_Ul/BASE/440591883
910 Корректоры записи __
a Корректор записи Ильина
938 Служебная информация __
a Имя БД period